特殊傳說 . III

資料類型: Book 圖書   書目號:55708

Leader xxxxxxxxxx
001 __ PCLIS00055708
005 __ 20230430211616.0
010 0_ |a978-986-319-505-4|b第1冊 : 平裝|dNT$250
010 0_ |a978-986-319-533-7|b第2冊 : 平裝|dNT$260
010 0_ |a978-986-319-587-0|b第3冊 : 平裝|dNT$260
010 0_ |a978-986-319-606-8|b第4冊 : 平裝|dNT$260
010 0_ |a978-986-319-665-5|b第5冊 : 平裝|dNT$270
010 0_ |a978-986-319-737-9|b第6冊 : 平裝|dNT$270
100 __ |a20211118g2020    m  y0chiy09      e
101 0_ |achi
102 __ |atw
105 __ |aa   z   000ay
200 1_ |a特殊傳說|hIII|dThe unique legend|zeng|f護玄著
205 __ |a初版
210 __ |a臺北市|c蓋亞文化出版|a新北市新店區|c聯合總經銷|d2020-    [民109-  ]
215 0_ |a|c部分彩圖, 彩摺圖|d20公分|e6冊首刷特典
225 2_ |a悅讀館|vRE391-396
300 __ |a另附首刷特典小冊 「特殊傳說特典 晝夜循環01-06」
339 __ |a館藏: 第1-6冊
410 _0 |12001 |a悅讀館|vRE391-396
510 1_ |aThe unique legend|zeng
681 __ |a857.7|b862
681 __ |a863.57|b862
700 _0 |a護玄|4801 _0 |atw|b內湖高中|c20211118|gCCR
  
詳細館藏 1-6 筆 (共 6 筆)
索 書 號登 錄 號冊次號館別 / 館藏地流通類型狀態加入預約清單電子資源
857.7 / 862 1027263 v.1 圖書館 / 一樓輕小說專區 可外借30天 在館   
857.7 / 862 1027264 v.2 圖書館 / 一樓輕小說專區 可外借30天 在館   
857.7 / 862 1027863 v.3 圖書館 / 一樓輕小說專區 可外借30天 在館   
857.7 / 862 1027864 v.4 圖書館 / 一樓輕小說專區 可外借30天 在館   
857.7 / 862 1027865 v.5 圖書館 / 一樓輕小說專區 可外借30天 在館   
857.7 / 862 1027866 v.6 圖書館 / 一樓輕小說專區 可外借30天 在館   

| 條列資料




目錄查詢 分類查詢 個人資料 圖書薦購 新書查詢 閉館日 排行榜 更多電子資源 Hami書城 線上資料庫 登出

From : 216.73.217.87

  本日流通累計至 04:12:29 借閱 : 0 次 續借 : 0 次 歸還 : 0 次 預約 : 0 次 電子資源 : 0 次


內湖高中圖書館  PCLIS 版本  26.5.0.12